|
|
|
|
| LEADER |
00905nam a2200229 a 4500 |
| 001 |
00027273 |
| 008 |
130725s2004 ii b 001 0 eng |
| 020 |
|
|
|a 817648550
|
| 040 |
|
|
|a BD-DhAAL
|c BD-DhAAL.
|
| 082 |
0 |
0 |
|a 355.033054
|2 22
|
| 100 |
1 |
|
|a A. Vanadana
|
| 245 |
1 |
0 |
|a Security in South Asia :
|b trends and directions
|c A. Vanadana, Ashok C. Shukla
|
| 260 |
|
|
|a New Delhi :
|b APH publishing,
|c 2004.
|
| 300 |
|
|
|a x, 382 p. ;
|c 25 cm.
|
| 504 |
|
|
|a Includes bibliographical references (p. [362]-374) and Index.
|
| 541 |
|
|
|e 00027273
|
| 650 |
|
0 |
|a National security
|z South Asia.
|
| 651 |
|
0 |
|a South Asia
|x Foreign relations.
|
| 700 |
1 |
|
|a Shukla, Ashok C.
|
| 852 |
1 |
|
|a Ayesha Abed Library
|j General shelf.
|
| 999 |
|
|
|c 13741
|d 13741
|
| 952 |
|
|
|0 0
|1 0
|4 0
|6 355_033054000000000_AVA
|7 0
|9 22988
|a IGS
|b IGS
|c GEN
|d 2013-07-27
|e Paragon Enterprises
|g 715.00
|l 0
|o 355.033054 AVA
|p 3010027273
|r 2013-07-27
|t 1
|w 0000-00-00
|y BK
|x Available
|